000
00318nam a2200133Ia 4500
001
5194
008
140319s9999 xx 000 0 und d
040
_c
PK-LaUMT
082
_a
004.77
_b
LAS-
245
_a
Laser Jet IIP printer user's manual
260
_a
London,UK:
_b
Hewlett Packed,
_c
1989
546
_a
EN
942
_c
BK
999
_c
5265
_d
5265